| 000 | 00630nam a2200193Ia 4500 | ||
|---|---|---|---|
| 003 | GCL | ||
| 005 | 20240530102911.0 | ||
| 008 | 140319s9999 xx 000 0 ara d | ||
| 040 |
_aGCL / _cGCL |
||
| 082 | 0 | 4 |
_a348.9 _bع ن |
| 100 | 1 | _aعبدالفتاح مراد | |
| 245 | 1 | 0 |
_aالنظام القانونى والقضائى فى اسرائيل / _cعبدالفتاح مراد |
| 260 |
_a[S.N] : _bالمكتبة الجامعيةالحديثة |
||
| 650 | 0 | 4 | _aالقانون |
| 650 | 0 | 4 | _aاسرائيل |
| 650 | 0 | 4 | _aالقانون الدولى الخاص |
| 650 | 0 | 4 | _aالقانون الدستورى |
| 942 |
_2ddc _cBK |
||
| 999 |
_c35236 _d35236 |
||